City & region: choose the country (2) - Statistics

General Stats
  • This quiz has been taken 93 times
  • The average score is 13 of 20
Answer Stats
Hint Answer % Correct
Nanjing, Jiangsu China
97%
Ciudad Guayana, Bolivar Venezuela
91%
Ciudad Real, Castilla-La Mancha Spain
90%
Toulouse, Occitanie France
88%
Padang, West Sumatra Indonesia
86%
Axylou, Paphos Cyprus
82%
Az Zulayl, Zarqa Jordan
75%
Killarney, Kerry Ireland
71%
San José de las Lajas, Mayabeque Cuba
65%
La Chaux-de-Fonds, Neuchatel Switzerland
65%
Gondar, Amhara Ethiopia
64%
Kuching, Sarawak Malaysia
64%
Nyabihanga, Mwaro Burundi
47%
Ţînţăreni, Anenii Noi Moldova
47%
Omagh, Tyrone UK
47%
Oneop, Chuuk Micronesia
44%
Zaria, Kaduna Nigeria
44%
Xewkija, Gozo Malta
43%
Mawlamyine, Mon Myanmar
38%
Gbabobli, Rivercess Liberia
26%
No matching quizzes found
Score Distribution
Percent of People with Each Score
Percentile by Number Answered
Your Score History
You have not taken this quiz